00722nam a2200193 a 450000100100000000500170001000800410002704000250006808200170009310000230011024500690013326000780020230000310028050000660031165000210037765100440039865000550044265100310049700000224220260219111624.0090701s2008 dr c 000 0 spa d aDO-SdBNPbspacBNPHU a320.5bP217m1 aPapito Rafael R.G.10aManifiesto bolivariano para las Américas /cPapito Rafael R.G. aSan Francisco de Macorís, República Dominicana :bSelecciones,c2008. a100 p. :bretrs. ;c23 cm. aLa biblioteca posee dos ejemplares autografiadas por el autor 0aPanamericanismo  4aAmérica LatinaxPolítica Y Gobierno 4aSocialismo en américa latinaxHistoriazSiglo Xx 4aAmérica LatinaxHistoria